Countries and World Capitals Starting with P - Statistics

General Stats
  • This quiz has been taken 307 times
  • The average score is 19 of 27
Answer Stats
country / capital % Correct
Panama
91%
Pakistan
89%
Palau
89%
Portugal
89%
Poland
88%
Peru
86%
Philippines
86%
Paraguay
80%
Paris
80%
Panama City
77%
Port-au-Prince
75%
Port Moresby
73%
Papua New Guinea
72%
Port-of-Spain
71%
Pyongyang
70%
Pristina
69%
Pretoria
67%
Paramaribo
66%
Podgorica
66%
Port Louis
65%
Prague
64%
Phnom Penh
62%
Port Vila
62%
Porto-Novo
60%
Praia
60%
Palikir
54%
Palestine
38%
No matching quizzes found
Score Distribution
Percent of People with Each Score
Percentile by Number Answered
Your Score History
You have not taken this quiz